LEADER 02409nam 22005894a 450 001 9910454152703321 005 20200520144314.0 010 $a1-282-34143-X 010 $a9786612341434 010 $a0-313-35663-7 035 $a(CKB)1000000000707305 035 $a(EBL)492416 035 $a(OCoLC)234236534 035 $a(SSID)ssj0000288326 035 $a(PQKBManifestationID)11213865 035 $a(PQKBTitleCode)TC0000288326 035 $a(PQKBWorkID)10382286 035 $a(PQKB)11520007 035 $a(MiAaPQ)EBC492416 035 $a(Au-PeEL)EBL492416 035 $a(CaPaEBR)ebr10271353 035 $a(CaONFJC)MIL234143 035 $a(EXLCZ)991000000000707305 100 $a20080305d2008 uy 0 101 0 $aeng 135 $aur|n|---||||| 181 $ctxt 182 $cc 183 $acr 200 10$aAdvice from the presidents$b[electronic resource] $ethe student's guide to reaching the top in business and politics /$fG. Scott Thomas 205 $a1st. ed. 210 $aWestport, Conn. $cGreenwood Press$d2008 215 $a1 online resource (264 p.) 300 $aDescription based upon print version of record. 311 $a0-313-35662-9 320 $aIncludes bibliographical references (p. [217]-226) and index. 327 $aDeciding -- Developing -- Polishing -- Organizing -- Controlling -- Maneuvering -- Succeeding. 330 $aThe same skills and strategies can propel an aspiring executive to the top of any organization, be it the Podunk High School Student Council, the Acme Xylophone Corporation, or the government of the United States of America. The student council president may be an unpaid volunteer, and the Acme CEO may bark out orders in an office that is rectangular, not oval. But the paths that lead to those positions are remarkably similar to the trail that ends so gloriously at the front door of the White House. Author G. Scott Thomas spent two years examining the lives of nearly two hundred presidential c 606 $aExecutive ability 606 $aLeadership 608 $aElectronic books. 615 0$aExecutive ability. 615 0$aLeadership. 676 $a658.4/09 700 $aThomas$b G. Scott$0973550 801 0$bMiAaPQ 801 1$bMiAaPQ 801 2$bMiAaPQ 906 $aBOOK 912 $a9910454152703321 996 $aAdvice from the presidents$92296451 997 $aUNINA LEADER 04910nam 2200901 a 450 001 9910788584103321 005 20220916101452.0 010 $a1-283-89691-5 010 $a0-8122-0576-6 024 7 $a10.9783/9780812205763 035 $a(CKB)3240000000064743 035 $a(OCoLC)793012603 035 $a(CaPaEBR)ebrary10642668 035 $a(SSID)ssj0000631077 035 $a(PQKBManifestationID)11390403 035 $a(PQKBTitleCode)TC0000631077 035 $a(PQKBWorkID)10590748 035 $a(PQKB)11192732 035 $a(MdBmJHUP)muse17914 035 $a(DE-B1597)449413 035 $a(OCoLC)1013950247 035 $a(OCoLC)979628022 035 $a(DE-B1597)9780812205763 035 $a(Au-PeEL)EBL3441916 035 $a(CaPaEBR)ebr10642668 035 $a(CaONFJC)MIL420941 035 $a(MiAaPQ)EBC3441916 035 $a(EXLCZ)993240000000064743 100 $a20110608d2011 uy 0 101 0 $aeng 135 $aurcn||||||||| 181 $ctxt 182 $cc 183 $acr 200 10$aLustration and transitional justice$b[electronic resource] $epersonnel systems in the Czech Republic, Hungary, and Poland /$fRoman David 205 $a1st ed. 210 $aPhiladelphia $cUniversity of Pennsylvania Press$dc2011 215 $a1 online resource (327 p.) 225 0 $aPennsylvania Studies in Human Rights 225 0$aPennsylvania studies in human rights 300 $aBibliographic Level Mode of Issuance: Monograph 311 $a0-8122-4331-5 320 $aIncludes bibliographical references (p. [243]-300) and index. 327 $apt. I. Personnel systems and transitional justice -- pt. II. Lustration systems in central Europe -- pt. III. Experimental evidence. 330 $aHow do transitional democracies deal with officials who have been tainted by complicity with prior governments? Should they be excluded or should they be incorporated into the new system? In Lustration and Transitional Justice, Roman David examines major institutional innovations that developed in Central Europe following the collapse of communist regimes. While the Czech Republic approved a lustration (vetting) law based on the traditional method of dismissals, Hungary and Poland devised alternative models that granted their tainted officials a second chance in exchange for truth. David classifies personnel systems as exclusive, inclusive, and reconciliatory; they are based on dismissal, exposure, and confession, respectively, and they represent three major classes of transitional justice.David argues that in addition to their immediate purposes, personnel systems carry symbolic meanings that help explain their origin and shape their effects. In their effort to purify public life, personnel systems send different ideological messages that affect trust in government and the social standing of former adversaries. Exclusive systems may establish trust at the expense of reconciliation, while inclusive and reconciliatory systems may promote both trust and reconciliation.In spite of its importance, the topic of inherited personnel has received only limited attention in research on transitional justice and democratization. Lustration and Transitional Justice is the first attempt to fill this gap. Combining insights from cultural sociology and political psychology with the analysis of original experiments, historical surveys, parliamentary debates, and interviews, the book shows how perceptions of tainted personnel affected the origin of lustration systems and how dismissal, exposure, and confession affected trust in government, reconciliation, and collective memory. 410 0$aPennsylvania studies in human rights. 606 $aPolitical purges$zCzech Republic 606 $aPolitical purges$zHungary 606 $aPolitical purges$zPoland 606 $aDemocratization$zCzech Republic 606 $aDemocratization$zHungary 606 $aDemocratization$zPoland 606 $aTransitional justice$zCzech Republic 606 $aTransitional justice$zHungary 606 $aTransitional justice$zPoland 607 $aCzech Republic$xPolitics and government$y1993- 607 $aHungary$xPolitics and government$y1989- 607 $aPoland$xPolitics and government$y1989- 610 $aPolitical Science. 610 $aPublic Policy. 615 0$aPolitical purges 615 0$aPolitical purges 615 0$aPolitical purges 615 0$aDemocratization 615 0$aDemocratization 615 0$aDemocratization 615 0$aTransitional justice 615 0$aTransitional justice 615 0$aTransitional justice 676 $a320.9437 700 $aDavid$b Roman$01467639 801 0$bMiAaPQ 801 1$bMiAaPQ 801 2$bMiAaPQ 906 $aBOOK 912 $a9910788584103321 996 $aLustration and transitional justice$93678372 997 $aUNINA LEADER 03373nam 22008055 450 001 9910790397603321 005 20221102203219.0 010 $a1-280-88121-6 010 $a9786613722522 010 $a1-137-03143-3 024 7 $a10.1057/9781137031433 035 $a(CKB)2670000000194508 035 $a(EBL)956610 035 $a(OCoLC)798532386 035 $a(SSID)ssj0000676841 035 $a(PQKBManifestationID)11445992 035 $a(PQKBTitleCode)TC0000676841 035 $a(PQKBWorkID)10693652 035 $a(PQKB)11070749 035 $a(DE-He213)978-1-137-03143-3 035 $a(MiAaPQ)EBC956610 035 $a(PPN)227902416 035 $a(EXLCZ)992670000000194508 100 $a20151222d2012 u| 0 101 0 $aeng 135 $aur|n#---a|||| 181 $ctxt 182 $cc 183 $acr 200 10$aBlack Social Movements in Latin America$b[electronic resource] $eFrom Monocultural Mestizaje to Multiculturalism /$fedited by J. Rahier 205 $a1st ed. 2012. 210 1$aNew York :$cPalgrave Macmillan US :$cImprint: Palgrave Macmillan,$d2012. 215 $a1 online resource (263 p.) 300 $aDescription based upon print version of record. 311 1 $a1-349-35235-7 311 1 $a0-230-39360-8 320 $aIncludes bibliographical references and index. 327 $apt. 1. Setting up the stage -- pt. 2. A focus on Central America -- pt. 3. A focus on the Andean region -- pt. 4. A focus on the Brazilian experiences. 330 $aDrawing from a wide spectrum of disciplines, the essays in this collection examine in different national contexts the consequences of the "Latin American multicultural turn" in Afro Latino social movements of the past two decades. 606 $aSociology 606 $aEthnology?Latin America 606 $aLatin America?Politics and government 606 $aAnthropology 606 $aPolitical communication 606 $aPolitical theory 606 $aSociology, general$3https://scigraph.springernature.com/ontologies/product-market-codes/X22000 606 $aLatin American Culture$3https://scigraph.springernature.com/ontologies/product-market-codes/411080 606 $aLatin American Politics$3https://scigraph.springernature.com/ontologies/product-market-codes/911150 606 $aAnthropology$3https://scigraph.springernature.com/ontologies/product-market-codes/X12000 606 $aPolitical Communication$3https://scigraph.springernature.com/ontologies/product-market-codes/911030 606 $aPolitical Theory$3https://scigraph.springernature.com/ontologies/product-market-codes/911010 607 $aLatin America$xRace relations 615 0$aSociology. 615 0$aEthnology?Latin America. 615 0$aLatin America?Politics and government. 615 0$aAnthropology. 615 0$aPolitical communication. 615 0$aPolitical theory. 615 14$aSociology, general. 615 24$aLatin American Culture. 615 24$aLatin American Politics. 615 24$aAnthropology. 615 24$aPolitical Communication. 615 24$aPolitical Theory. 676 $a305.80098 702 $aRahier$b J$4edt$4http://id.loc.gov/vocabulary/relators/edt 906 $aBOOK 912 $a9910790397603321 996 $aBlack Social Movements in Latin America$93848564 997 $aUNINA LEADER 06473nam 2201393 450 001 9910815039003321 005 20230808192935.0 010 $a1-4008-8124-2 024 7 $a10.1515/9781400881246 035 $a(CKB)3710000000657093 035 $a(EBL)4336802 035 $a(SSID)ssj0001646505 035 $a(PQKBManifestationID)16417298 035 $a(PQKBTitleCode)TC0001646505 035 $a(PQKBWorkID)14821288 035 $a(PQKB)11421150 035 $a(MiAaPQ)EBC4336802 035 $a(StDuBDS)EDZ0001756492 035 $a(DE-B1597)474290 035 $a(OCoLC)979882333 035 $a(OCoLC)990414087 035 $a(DE-B1597)9781400881246 035 $a(Au-PeEL)EBL4336802 035 $a(CaPaEBR)ebr11206663 035 $a(CaONFJC)MIL920301 035 $a(OCoLC)949276252 035 $a(EXLCZ)993710000000657093 100 $a20151030d2016 uy| 0 101 0 $aeng 135 $aur|n|---||||| 181 $ctxt 182 $cc 183 $acr 200 10$aFourier restriction for hypersurfaces in three dimensions and Newton polyhedra /$fIsroil A. Ikromov and Detlef Mu?ller 210 1$aPrinceton :$cPrinceton University Press,$d[2016] 215 $a1 online resource (269 p.) 225 1 $aAnnals of mathematics studies ;$vnumber 194 300 $aDescription based upon print version of record. 311 $a0-691-17055-X 311 $a0-691-17054-1 320 $aIncludes bibliographical references and index. 327 $tFrontmatter -- $tContents -- $tChapter 1. Introduction -- $tChapter 2. Auxiliary Results -- $tChapter 3. Reduction to Restriction Estimates near the Principal Root Jet -- $tChapter 4. Restriction for Surfaces with Linear Height below 2 -- $tChapter 5. Improved Estimates by Means of Airy-Type Analysis -- $tChapter 6. The Case When hlin(?) ? 2: Preparatory Results -- $tChapter 7. How to Go beyond the Case hlin(?) ? 5 -- $tChapter 8. The Remaining Cases Where m = 2 and B = 3 or B = 4 -- $tChapter 9. Proofs of Propositions 1.7 and 1.17 -- $tBibliography -- $tIndex 330 $aThis is the first book to present a complete characterization of Stein-Tomas type Fourier restriction estimates for large classes of smooth hypersurfaces in three dimensions, including all real-analytic hypersurfaces. The range of Lebesgue spaces for which these estimates are valid is described in terms of Newton polyhedra associated to the given surface.Isroil Ikromov and Detlef Müller begin with Elias M. Stein's concept of Fourier restriction and some relations between the decay of the Fourier transform of the surface measure and Stein-Tomas type restriction estimates. Varchenko's ideas relating Fourier decay to associated Newton polyhedra are briefly explained, particularly the concept of adapted coordinates and the notion of height. It turns out that these classical tools essentially suffice already to treat the case where there exist linear adapted coordinates, and thus Ikromov and Müller concentrate on the remaining case. Here the notion of r-height is introduced, which proves to be the right new concept. They then describe decomposition techniques and related stopping time algorithms that allow to partition the given surface into various pieces, which can eventually be handled by means of oscillatory integral estimates. Different interpolation techniques are presented and used, from complex to more recent real methods by Bak and Seeger.Fourier restriction plays an important role in several fields, in particular in real and harmonic analysis, number theory, and PDEs. This book will interest graduate students and researchers working in such fields. 410 0$aAnnals of mathematics studies ;$vnumber 194. 606 $aHypersurfaces 606 $aPolyhedra 606 $aSurfaces, Algebraic 606 $aFourier analysis 610 $aAiry cone. 610 $aAiry-type analysis. 610 $aAiry-type decompositions. 610 $aFourier decay. 610 $aFourier integral. 610 $aFourier restriction estimate. 610 $aFourier restriction problem. 610 $aFourier restriction theorem. 610 $aFourier restriction. 610 $aFourier transform. 610 $aGreenleaf's restriction. 610 $aLebesgue spaces. 610 $aLittlewood?aley decomposition. 610 $aLittlewood?aley theory. 610 $aNewton polyhedra. 610 $aNewton polyhedral. 610 $aNewton polyhedron. 610 $aStein?omas-type Fourier restriction. 610 $aauxiliary results. 610 $acomplex interpolation. 610 $adyadic decomposition. 610 $adyadic decompositions. 610 $adyadic domain decompositions. 610 $aendpoint estimates. 610 $aendpoint result. 610 $aimproved estimates. 610 $ainterpolation arguments. 610 $ainterpolation theorem. 610 $ainvariant description. 610 $alinear coordinates. 610 $alinearly adapted coordinates. 610 $anormalized measures. 610 $anormalized rescale measures. 610 $aone-dimensional oscillatory integrals. 610 $aopen cases. 610 $aoperator norms. 610 $aphase functions. 610 $apreparatory results. 610 $aprincipal root jet. 610 $apropositions. 610 $ar-height. 610 $areal interpolation. 610 $areal-analytic hypersurface. 610 $arefined Airy-type analysis. 610 $arestriction estimates. 610 $arestriction. 610 $asmooth hypersurface. 610 $asmooth hypersurfaces. 610 $aspectral localization. 610 $astopping-time algorithm. 610 $asublevel type. 610 $athin sets. 610 $athree dimensions. 610 $atransition domains. 610 $auniform bounds. 610 $avan der Corput-type estimates. 615 0$aHypersurfaces. 615 0$aPolyhedra. 615 0$aSurfaces, Algebraic. 615 0$aFourier analysis. 676 $a516.3/52 686 $aSI 830$2rvk 700 $aIkromov$b Isroil A.$f1961-$01708366 702 $aMu?ller$b Detlef$f1954- 801 0$bMiAaPQ 801 1$bMiAaPQ 801 2$bMiAaPQ 906 $aBOOK 912 $a9910815039003321 996 $aFourier restriction for hypersurfaces in three dimensions and Newton polyhedra$94097302 997 $aUNINA